000 00504nam a2200205Ia 4500
008 210210b2017 xxu||||| |||| 00| 0 eng d
020 _a9788131608883
041 _aeng
082 _a302.23 BURM
100 _aBURTON (Graeme)
245 _aMedia and society:critical perspectives Ed 2
250 _a
260 _aJaipur
_bRawat Publications
_c2017
300 _avii,342
650 _asociety:critical
650 _aperspectives
650 _aMedia
690 _aJournalism
906 _a074202
999 _c124007
_d124007